000 00277nam a2200121Ia 4500
008 191201s2015 xx 000 0 und d
100 _aSUBRAMANYA, K
245 0 _aEngineering Hydrology
260 _c2015
_bTMG
_aNew Delhi
300 _a534
650 _aCIVIL
942 _2ddc
_cBB
999 _c7676
_d7676